UM Logo

Teaching cues for sport skills for secondary school students/ (Record no. 2537)

MARC details
000 -LEADER
fixed length control field 00747nam a22002297a 4500
003 - CONTROL NUMBER IDENTIFIER
control field OSt
005 - DATE AND TIME OF LATEST TRANSACTION
control field 20160516192357.0
008 - FIXED-LENGTH DATA ELEMENTS--GENERAL INFORMATION
fixed length control field 160516b xxu||||| |||| 00| 0 eng d
020 ## - INTERNATIONAL STANDARD BOOK NUMBER
International Standard Book Number 978-08053-2719-9
040 ## - CATALOGING SOURCE
Transcribing agency LIC
082 ## - DEWEY DECIMAL CLASSIFICATION NUMBER
Edition number 2008
Classification number DC 796.077
Item number F92t
100 ## - MAIN ENTRY--PERSONAL NAME
9 (RLIN) 8381
Personal name Fronske, Hilda
245 ## - TITLE STATEMENT
Title Teaching cues for sport skills for secondary school students/
Statement of responsibility, etc. Hilda Fronske.
250 ## - EDITION STATEMENT
Edition statement Fourth Edition
260 ## - PUBLICATION, DISTRIBUTION, ETC. (IMPRINT)
Place of publication, distribution, etc. San Francisco:
Name of publisher, distributor, etc. Pearson Education Inc.,
Date of publication, distribution, etc. c2008.
300 ## - PHYSICAL DESCRIPTION
Extent x, 445 pages:
Other physical details illustrations;
Dimensions 28 cm.
365 ## - TRADE PRICE
Price amount 3,640.00
Currency code Php
500 ## - GENERAL NOTE
General note Includes bibliographical references and index.
650 #0 - SUBJECT ADDED ENTRY--TOPICAL TERM
9 (RLIN) 8382
Topical term or geographic name as entry element Sports
Form subdivision Study and teaching (Secondary)
650 #0 - SUBJECT ADDED ENTRY--TOPICAL TERM
9 (RLIN) 8383
Topical term or geographic name as entry element School sports
General subdivision Coaching
942 ## - ADDED ENTRY ELEMENTS (KOHA)
Source of classification or shelving scheme Dewey Decimal Classification
Koha item type Circulation
Holdings
Withdrawn status Lost status Source of classification or shelving scheme Damaged status Not for loan Collection code Home library Current library Date acquired Source of acquisition Total Checkouts Full call number Barcode Date last seen Copy number Cost, replacement price Price effective from Koha item type
    Dewey Decimal Classification     Circulation UM Digos College - LIC UM Digos College - LIC 10/24/2008 Purchased   DC 796.077 F92t 2008 19844 05/15/2025 1 3640.00 05/16/2016 Circulation